00675nam a22001697a 4500008004100000040005500041080002200096100002900118245004200147260006600189300001900255650003200274653002200306942001200328999001700340952014800357230329b |||||||| |||| 00| 0 eng d aNational Science LibrarycNational Science Library aD 681.324ASPbP1  aAnderson, Richard 95676 aProfessional active server pages 3.0  aMumbai: bShroff Publishers & Distributors Pvt. Ltd., c1999  axxiii, 1277p.  aProfessional active server  aASP fundamentals  2udccBK c16271d16271 00102udc406D_681324ASP_P170924152aNSLbNSLcGF/Rk-4/C-14/R-2d2004-08-07l0oD 681.324ASP P1p188431r2023-03-29 00:00:00w2004-08-07yBK